Open Data Biblioteca Nacional de Portugal


República Portuguesa: Ministério da Cultura
Biblioteca Nacional de Portugal

Catálogo da BNP: acesso por Identificadores Unívocos
Registos Bibliográficos associados ao registo de autoridade

Etiqueta de registo: 00254nkm 2200109 450
001 2288282
003 http://id.bnportugal.gov.pt/bib/catbnp/2288282
100 ## $a20260618d1983 am y0pory01030103ba
101 0# $apor
102 ## $aPT
200 1# $aFolkvarzino 83, 3º Festival Nacional de Folclore da Póvoa de Varzim, 2 julho 1983$bVisual gráfico]$f[design] Nando
210 #9 $a[S.l.$cs.n.],$d1983$e[S.l.] :$gTip. Camões)
215 ## $a1 cartaz$ccolor.$d49x33 cm
317 ## $aColeção Madeira Luís
675 ## $a766(=1:469)"198"(084.5)$vBN$zpor$31302430
675 ## $a394.2/.3(469.121)"1983"(084.5)$vBN$zpor$3912473
702 #0 $aNando$4410$31630273
710 12 $aFolkvarzino,$cFestival Nacional de Folclore,$d3,$ePóvoa de Varzim,$f1983$32001051
801 #0 $aPT$bBN$gRPC
966 ## $lBN$mICONOG$sCT. 25891 A.$x3
971 ## $ctoliveira$d20260618

OpendataBNP@bnportugal.pt | Mais informação sobre acesso aos dados BNP